| 000 | 00364nam a2200133Ia 4500 | ||
|---|---|---|---|
| 008 | 240624s9999 xx 000 0 und d | ||
| 041 | _aeng | ||
| 082 | _a332.1 TAP | ||
| 100 | _aTAPSCOTT DON | ||
| 245 | _aBLOCKCHAIN REVOLUTION HOW THE TECHNOLOGY BEHIND BITCOIN I | ||
| 260 |
_c2016 _aNew York _bPortfolio Penguin |
||
| 300 | _axx, 348 p.; 23 cm. | ||
| 365 |
_c _b38 |
||
| 999 |
_c30473 _d30473 |
||